Loading...
| Religion | 0 | 7 | 0 | 1 | 70 | 67 | 89.14 | 1 | 5 | 0.00 | 0.00 |
| History - European | 0 | 6 | 1 | 2 | 55 | 61 | 86.00 | 0 | 2 | 0.00 | 0.00 |
| Literature - European | 0 | 5 | 0 | 0 | 50 | 70 | 105.40 | 0 | 0 | 0.00 | 0.00 |
| Fine Arts - Painting and Sculpture | 0 | 5 | 0 | 0 | 50 | 75 | 89.20 | 1 | 3 | 0.00 | 0.00 |
| Mythology | 0 | 5 | 0 | 1 | 50 | 85 | 98.00 | 0 | 0 | 0.00 | 0.00 |
| Literature - British | 0 | 5 | 0 | 0 | 50 | 74 | 105.00 | 0 | 2 | 0.00 | 0.00 |
| Literature - World | 0 | 5 | 0 | 2 | 50 | 68 | 109.20 | 0 | 2 | 0.00 | 0.00 |
| History - Other | 0 | 5 | 0 | 1 | 50 | 62 | 81.20 | 2 | 4 | 0.00 | 0.00 |
| Fine Arts - Other | 0 | 5 | 1 | 1 | 45 | 45 | 90.00 | 2 | 3 | 0.00 | 0.00 |
| History - American | 0 | 4 | 0 | 1 | 40 | 68 | 95.50 | 0 | 0 | 0.00 | 0.00 |
| Philosophy | 0 | 3 | 0 | 2 | 30 | 80 | 104.00 | 1 | 1 | 0.00 | 0.00 |
| Social Science | 0 | 3 | 1 | 0 | 25 | 52 | 67.33 | 1 | 2 | 0.00 | 0.00 |
| Fine Arts - Classical Music | 0 | 2 | 0 | 0 | 20 | 115 | 118.00 | 0 | 0 | 0.00 | 0.00 |
| Science - Biology | 0 | 2 | 0 | 0 | 20 | 33 | 47.00 | 0 | 1 | 0.00 | 0.00 |
| Science - Chemistry | 0 | 2 | 0 | 0 | 20 | 78 | 88.00 | 0 | 0 | 0.00 | 0.00 |
| Science - Other | 0 | 2 | 0 | 1 | 20 | 87 | 99.50 | 0 | 0 | 0.00 | 0.00 |
| Geography | 0 | 1 | 0 | 0 | 10 | 111 | 111.00 | 0 | 0 | 0.00 | 0.00 |
| Other Academic | 0 | 1 | 0 | 0 | 10 | 94 | 94.00 | 0 | 0 | 0.00 | 0.00 |
| Literature - American | 0 | 1 | 0 | 0 | 10 | 98 | 98.00 | 0 | 0 | 0.00 | 0.00 |
| Popular Culture | 0 | 1 | 1 | 0 | 5 | 59 | 59.00 | 1 | 1 | 0.00 | 0.00 |
| History - World | 0 | 1 | 1 | 0 | 5 | 90 | 90.00 | 0 | 0 | 0.00 | 0.00 |